000 00784nam a2200205 i 4500
001 65424
003 ES-MaACL
005 20230906165351.0
007 t|
008 040113s1930 sp |||| | spa d
100 1 _aFresno y Pérez del Villar, Carlos del.
_952538
245 1 3 _aDiscurso leído con motivo de la solemne apertura del curso académico de 1930-31 / por Carlos del Fresno y Pérez del Villar.
260 _aOviedo :
_b[s.n.],
_c1930 (
_fImp. de Flórez)
300 _a36 p. ;
_c28 cm.
500 _aTema del díscurso: La enseñanza de la química en las universidades españolas.
594 _aPrecede al tít.: Universidad de Oviedo.
650 _aQuímica-
_xEstudio y enseñanza.
_9175913
710 2 _aUniversidad de Oviedo.
_97260
852 _aES-MaACL
_j1746-F-1
999 _c65424
_d65424